Estadísticas para Novias del Jorge

Haz click aquí para intentar la prueba.

Estadísticas generales

  • Esta prueba ha sido intentada 16 veces
  • La puntuación promedio es 4 de 8

Estadísticas de respuestas

HintRespuesta% Correcto
2022Bea
75%
2020Cris
67%
2018La negra
58%
2024Laurita
50%
2019Raquel
50%
2024Brittany Martínez
42%
2023Elia
33%
2023Winnelis
33%

Distribución de puntuación

Porcentaje por número respondido

Porcentaje de gente con cada puntuación

Historial de tus puntuaciones

No has intentado esta prueba.